000 00691nam a2200193Ii 4500
003 JO-AjNU
008 230605s9999||||xx |||||||||||||| ||und||
040 _aJO-AjNU
_bara
_erda
_cJO-AjNU
041 _aara
050 1 4 _aD199.3.M8
100 3 _aتاليف عبد العزيز، محمد الحسيني,
_eauthor
_938038
245 0 0 _aالحياة العلمية في الدولة الإسلامية
264 3 1 _aالكويت: وكالة المطبوعات، د.ت
300 _a216ص
336 _atext
_btxt
_2rdacontent
337 _aunmediated
_bn
_2rdamedia
338 _avolume
_bnc
_2rdacarrier
650 4 _aالحضارة الاسلامية-العلوم عند العرب
_938039
999 _aA15948
_c19516
_d19516